Quizzes
Events
Quiz Creation
Community
Videos
Private Events
Remove Ads
Sign In
Join for FREE
Feedback
Dark Mode
Quiz Categories
Sports
Geography
Music
Movies
Television
Just For Fun
Miscellaneous
History
Literature
Language
Science
Gaming
Entertainment
Religion
Holiday
For Kids
Quiz Lab
Recent
Popular Today
Quiz Kudos Today
Editor Picks
Curator Picks
Quizzes by...
Day
Popularity
Type
Ratings
Length
Year
Community
Subscriptions
Recent Discussions
Orange Saloon
Badges
Playlists
Quests
Create
Leaderboards
Showdown
Live 5
Trivia Bingo
Activity
Puzzle Library
Sporcle Events
Private Events
Virtual Trivia
Globe League
Become a Host
Pub Owners
SporcleCon
Opinionation
Our Games
Videos
Blog
Mobile Apps
Partnerships
Remove Ads and Go Orange
Feedback
Television
TV Characters
TV Show
Sitcom
Network
Friends
Reality Shows
Cast
South Park
Star Trek
The Simpsons
Doctor Who
Television
TV Characters
TV Show
Sitcom
Network
Friends
Reality Shows
Cast
South Park
Star Trek
The Simpsons
Doctor Who
Random Quiz
Search Sporcle
×
Quiz Lab
Quiz Lab
Television
Missing Word
Type in answers that appear in a list
Type in answers that appear in a list
Classic
Best Score? Go Orange.
Missing Word: Supernatural Stats
Can you name the missing words from these things related to Supernatural?
By
Nietos
4m
20 Questions
2,024 Plays
2,024 Plays
2,024 Plays
Comments
Comments
Give Quiz Kudos
Give Quiz Kudos
-
- Ratings
hide this ad
Replay
Link that replays current quiz
Next Quiz
Link to next quiz in quiz playlist
You Got
0%
They Got
Avg Score
61%
Avg Friend Score
Upgrade to see
Score Distribution
Jump to the score distribution portion of the page
Score
0/20
Timer
04:00
0
Plays Today
Hint
Missing Word
% Correct
_
_
_
_
of Cain
Mark
95.8%
_
_
_
_
of Letters
Men
89%
1967 Chevrolet _
_
_
_
Impala
87.7%
Woman in _
_
_
_
White
81.7%
Rabbit's _
_
_
_
Foot
81.3%
_
_
_
_
Tablet
Demon
80.2%
Dead Man's _
_
_
_
Blood
79.4%
Knights of _
_
_
_
Hell
77.8%
_
_
_
_
Starships
Jefferson
73.3%
Four Horsemen of the _
_
_
_
Apocalypse
72.7%
Hint
Missing Word
% Correct
Holy _
_
_
_
Water
68.6%
_
_
_
_
Edlund
Carver
68.1%
The First _
_
_
_
Blade
65.1%
African _
_
_
_
Root
Dream
58.6%
_
_
_
_
Children
Special
37.1%
_
_
_
_
to Oz
Key
35.8%
_
_
_
_
of Joshua
Horn
27.3%
Grand _
_
_
_
Coven
22.4%
_
_
_
_
of Bruncvik
Sword
19.1%
_
_
_
_
of Aaron
Rod
13.1%
Quiz Playlist
Details
Report
Send in Message
Add To Playlist
Classic:
Type in answers that appear in a list
Last Updated: Feb 23, 2023
Quiz Scoreboard
CHALLENGE
Sign Up to Join the Scoreboard
Show All
Scores
Hide
Comments
May contain spoilers
Recently Published
Alphabetical 'K' Countries by Flag Minefield
by ylime102
Geography
3m
Pick 6: Fruits
by JohnFran
Miscellaneous
15s
Click the 1999 NBA Draft
by nibperrychub
Sports
2m
More to Explore
Quiz From the Vault
Featured Blog Post
15 Basketball Trivia Facts You Can Be March Mad About
hide this ad
You Might Also Like...
Tags
Missing Word Quiz
TV Show Quiz
CW Supernatural
Supernatural
Today's Top Quizzes in Television
Browse Television
hide this ad
Today's Top Quizzes in Missing Word
Browse Missing Word
Top Contributed Quizzes in Television
1
Hidden Simpsons Character
2
First Name TV: Leading Men
3
Hidden Simpsons Character XXIV
4
One Piece Logic Puzzle
5
First Name TV: Leading Women Drama
6
Pick A Pair: Religious TV
7
Hidden Simpsons Character XXV
8
Hidden Simpsons Character XXVI
9
Best of Ross
10
Hidden Simpsons Character II
Explore More
Trending Topics
Disney
Kpop
Anime
NBA
Crossword
Harry Potter
Marvel
The Office
Country
Pokémon
Song
Soccer
WWE
Puzzle
NFL
hide this ad
More By:
Nietos
Quiz
Plays
Rating
Category
Featured
Created
MonsterVerse Franchise
30
5.00
Entertainment
Mar 18, 2024
Order Up: The Walking Dead Shows
15
Television
Mar 18, 2024
Dune Characters by Lego
86
5.00
Movies
Mar 12, 2024
2024 Oscar Winners
94
5.00
Movies
Mar 11, 2024
Queen by Funko Pop! Figures
45
5.00
Music
Mar 6, 2024
Go to Creator's Profile
Score Distribution
Quiz Creator Spotlight
Nietos
Follow
Send a Message
Quizzes Created
-
Created Quiz Play Count
-
More By This Creator
Popular Quizzes Today
1
Find the US States - No Outlines Minefield
2
Countries of Asia Without Outlines Minefield
3
Pick 6: Fruits
4
The Countries of the World
5
Alphabetical 'K' Countries by Flag Minefield
6
Find the US States
7
Click the 1999 NBA Draft
8
Match the Book to the Film X
More Television Quizzes
Family Guy TV Parodies II
Published
Trending Quizzes
Pick 6: Harry Potter
Pick 6: Mountains
Pick 6: NFL Teams
Pick 6: Movie Franchises
Pick 6: Golfers
Recently Updated
Women's Final Four Teams by Year
bhenderson79
Presidents Quartet II
eogle
Anything But Clue(do)
eogle
Anything But Oceanian Capitals
eogle
Anything But 7
eogle
Anything But Thing
eogle
Word Ladder: February 29
pecheneg
Song Title Questions
pecheneg
Women's NCAA Tournament #1 Seeds
pecheneg
Celebrity Mug Shots
pecheneg
Trending Topics
Crossword
Harry Potter
Anime
Disney
NBA
Kpop
Marvel
NFL
Soccer
Song
Pokémon
WWE
The Office
Puzzle
Country
Your Account Isn't Verified!
In order to create a playlist on Sporcle, you need to verify the email address you used during registration. Go to your
Sporcle Settings
to finish the process.
Report this User
Report this user for behavior that violates our
Community Guidelines
.
Details:
Send Report
Go to the Sporcle.com Mobile Site →
Comments